Cutting edge advertising : (Record no. 97412)

MARC details
000 -LEADER
fixed length control field 00711nam a2200229 a 4500
008 - FIXED-LENGTH DATA ELEMENTS--GENERAL INFORMATION
fixed length control field
020 ## - INTERNATIONAL STANDARD BOOK NUMBER
International Standard Book Number 013012897X (pbk.)
049 ## - LOCAL HOLDINGS (OCLC)
Holding library MAIN
090 ## - LOCALLY ASSIGNED LC-TYPE CALL NUMBER (OCLC); LOCAL CALL NUMBER (RLIN)
Classification number (OCLC) (R) ; Classification number, CALL (RLIN) (NR) HF5823
Local cutter number (OCLC) ; Book number/undivided call number, CALL (RLIN) AIT
003 - CONTROL NUMBER IDENTIFIER
control field
005 - DATE AND TIME OF LATEST TRANSACTION
control field 20230120144452.0
040 ## - CATALOGING SOURCE
Transcribing agency NUST
100 1# - MAIN ENTRY--PERSONAL NAME
Personal name Aitchison, Jim.
245 10 - TITLE STATEMENT
Title Cutting edge advertising :
Remainder of title how to create the world`s best print for brands in the 21st century /
Statement of responsibility, etc. Jim Aitchison.
260 ## - PUBLICATION, DISTRIBUTION, ETC.
Place of publication, distribution, etc. Singapore :
Name of publisher, distributor, etc. Prentice Hall,
Date of publication, distribution, etc. 1999.
300 ## - PHYSICAL DESCRIPTION
Extent ix, 337 p. :
Other physical details ill. ;
Dimensions 23 cm.
500 ## - GENERAL NOTE
General note Includes index.
504 ## - BIBLIOGRAPHY, ETC. NOTE
Bibliography, etc. note Includes bibliographical references.
650 #1 - SUBJECT ADDED ENTRY--TOPICAL TERM
Topical term or geographic name entry element Advertising.
907 ## - LOCAL DATA ELEMENT G, LDG (RLIN)
a .b10284096
b 07-03-13
c 23-09-10
942 ## - ADDED ENTRY ELEMENTS (KOHA)
Koha item type Ordinary Loan Books
Call number prefix HF5823
Call number suffix AIT
Holdings
Date last seen Total Checkouts Full call number Barcode Cost, replacement price Price effective from Koha item type Lost status Source of classification or shelving scheme Damaged status Not for loan Collection Withdrawn status Home library Current library Shelving location Date acquired Cost, normal purchase price
01/20/2023   HF5823 AIT 92004013633 80.00 01/20/2023 BOOKS   LCC     NFIC   MAIN MAIN GEN 01/20/2023 80.00